| 000 | 00567nam a2200181Ia 4500 | ||
|---|---|---|---|
| 999 |
_c43754 _d43754 |
||
| 003 | GCL | ||
| 005 | 20240530103948.0 | ||
| 008 | 140319s9999 xx 000 0 ara d | ||
| 040 |
_aGCL / _cGCL |
||
| 082 | 0 | 4 |
_a780.92 / _bع أ |
| 100 | 0 | _aعبدالله عبدالوهاب | |
| 245 | 1 | 0 |
_aاهل المغنى 3 : _b الموصلى من الرق الى الكمبيوتر / _cعبدالله عبدالوهاب |
| 260 |
_a[S.N] : _bميدلايت ، _c1993 |
||
| 300 | _a155 ص | ||
| 490 |
_aاهل المغنى _v0 |
||
| 650 | 0 | 4 | _aالفنانون |
| 942 |
_2ddc _cBK |
||